[Event "PRO League Group Stage"]
[Site "chess.com INT"]
[Date "2020.01.13"]
[Round "2"]
[White "Di Berardino, Diego Rafael"]
[Black "Azarov, Sergei"]
[Result "0-1"]
[WhiteTitle "IM"]
[BlackTitle "GM"]
[WhiteElo "2478"]
[BlackElo "2597"]
[WhiteTeam "Brazil Capybaras"]
[BlackTeam "New York Marshalls"]
[WhiteFideId "2105446"]
[BlackFideId "13501470"]
[EventDate "2020.01.06"]

1. d4 Nf6 2. c4 e6 3. Nc3 Bb4 4. e3 O-O 5. Bd3 d5 6. Nf3 c5 7. O-O dxc4 8. Bxc4
b6 9. a3 Bxc3 10. bxc3 Qc7 11. Bd3 Bb7 12. Re1 Nc6 13. e4 e5 14. dxc5 bxc5 15.
Qe2 Ne7 16. Bg5 Ne8 17. Bc4 Ng6 18. h4 Nd6 19. h5 Nf4 20. Bxf4 exf4 21. h6 g6
22. Nd2 Rae8 23. f3 Re5 24. Rab1 Rh5 25. e5 Nxc4 26. Nxc4 Bd5 27. Nd6 Qe7 28.
Qf2 Rxh6 29. c4 Bc6 30. Rb2 Rh5 31. Qxc5 Qh4 32. Kf1 Bxf3 33. gxf3 Qh3+ 34. Ke2
Qg2+ 35. Qf2 Qxf2+ 36. Kxf2 Rh2+ 37. Kg1 Rxb2 38. Rc1 Rfb8 39. c5 Rb1 0-1

[Event "PRO League Group Stage"]
[Site "chess.com INT"]
[Date "2020.01.13"]
[Round "2"]
[White "Santiago, Yago De Moura"]
[Black "Iturrizaga Bonelli, Eduardo"]
[Result "1-0"]
[WhiteTitle "GM"]
[BlackTitle "GM"]
[WhiteElo "2486"]
[BlackElo "2597"]
[WhiteTeam "Brazil Capybaras"]
[BlackTeam "New York Marshalls"]
[WhiteFideId "2103877"]
[BlackFideId "3901211"]
[EventDate "2020.01.06"]

1. d4 Nf6 2. Nc3 d5 3. Bf4 e6 4. e3 a6 5. g4 h6 6. Bg2 c5 7. h3 Nc6 8. Nge2 cxd4
9. exd4 Bd7 10. Qd3 Rc8 11. O-O Be7 12. a3 b5 13. Rae1 Qb6 14. Be3 Na5 15. Nf4
Nc4 16. Bc1 Qd6 17. Re2 Nxb2 18. Qg3 Nc4 19. Rfe1 Nb6 20. h4 g5 21. hxg5 hxg5
22. Nfxd5 Qxg3 23. fxg3 Nbxd5 24. Nxd5 Nxd5 25. Bxd5 Rc3 26. Kg2 Bxa3 27. Bxg5
Bd6 28. Bf3 Rg8 29. Bf6 Rxf3 30. Kxf3 Bc6+ 31. Kf2 Rxg4 32. Be5 Bb4 33. Rb1 a5
34. Re3 Be4 35. Rb2 Bd2 36. Re2 Bb4 37. Re3 Bc6 38. c3 Be7 39. d5 Bxd5 40. Rxb5
Rc4 41. Bd4 Kd7 42. Rxa5 f5 43. Ra7+ Ke8 44. Ra6 Kf7 45. Ra7 Ke8 46. Re1 Rc8 47.
Rb1 e5 48. Be3 Rxc3 49. Rb5 Rc2+ 50. Ke1 Bc6 51. Rxe5 Bd7 52. Bg5 1-0

[Event "PRO League Group Stage"]
[Site "chess.com INT"]
[Date "2020.01.13"]
[Round "2"]
[White "Speelman, Jon S"]
[Black "Dominguez Perez, Leinier"]
[Result "0-1"]
[WhiteTitle "GM"]
[BlackTitle "GM"]
[WhiteElo "2509"]
[BlackElo "2758"]
[WhiteTeam "U.K. Lions"]
[BlackTeam "Saint Louis Arch Bishops"]
[WhiteFideId "400033"]
[BlackFideId "3503240"]
[EventDate "2020.01.06"]

1. Nf3 d5 2. e3 Nf6 3. c4 e6 4. b3 b6 5. Bb2 Bb7 6. Be2 Nbd7 7. O-O Bd6 8. Nc3
a6 9. d4 Qe7 10. Qc2 O-O 11. Rad1 Rac8 12. Qb1 dxc4 13. bxc4 c5 14. a4 cxd4 15.
exd4 Ng4 16. Ne4 Nxh2 17. Nxh2 Bxh2+ 18. Kxh2 Qh4+ 19. Kg1 Bxe4 20. Qc1 Bd5 21.
c5 Qe4 22. Bf3 Qf5 23. Bxd5 Qxd5 24. Qc3 Nf6 25. f3 Qc6 26. Qb3 bxc5 27. dxc5
Qxc5+ 28. Bd4 Qc4 29. Qxc4 Rxc4 30. Bxf6 gxf6 31. Rd6 Rxa4 32. Rc1 Ra2 33. Rc7
f5 34. Ra7 a5 35. Rda6 Rd8 36. Rxa5 Rxa5 37. Rxa5 Kg7 38. f4 Rd4 39. g3 Rd2 40.
Ra8 h5 41. Ra4 Rb2 42. Kf1 Kg6 43. Ra8 h4 44. gxh4 Rb4 45. Kg2 Rxf4 46. Kg3 Rg4+
47. Kh3 0-1

[Event "PRO League Group Stage"]
[Site "chess.com INT"]
[Date "2020.01.13"]
[Round "2"]
[White "Le, Quang Liem"]
[Black "Harvey, Marcus R"]
[Result "0-1"]
[WhiteTitle "GM"]
[BlackTitle "FM"]
[WhiteElo "2713"]
[BlackElo "2419"]
[WhiteTeam "Saint Louis Arch Bishops"]
[BlackTeam "U.K. Lions"]
[WhiteFideId "12401137"]
[BlackFideId "400092"]
[EventDate "2020.01.06"]

1. d4 Nf6 2. Nf3 e6 3. c4 b6 4. g3 Bb7 5. Bg2 c5 6. O-O cxd4 7. Qxd4 Nc6 8. Qf4
Qb8 9. Nc3 d6 10. Rd1 Be7 11. b3 O-O 12. Ba3 d5 13. Bxe7 Qxf4 14. gxf4 Nxe7 15.
Ne5 Rfd8 16. Rd3 Rab8 17. Rad1 Rdc8 18. Nb5 dxc4 19. bxc4 Bxg2 20. Nxa7 Re8 21.
Kxg2 Ra8 22. Ra3 Ng6 23. Rd4 Nh4+ 24. Kf1 Nf5 25. Rdd3 Ne4 26. Nb5 f6 27. Nf3
Rxa3 28. Rxa3 Rc8 29. Ra4 Nc5 30. Ra7 Ne4 31. Nc7 Ned6 32. e3 Kf7 33. Nd2 Kg6
34. Ke2 Kh6 35. Kd3 e5 36. fxe5 fxe5 37. Nd5 e4+ 38. Nxe4 Nxc4 39. Rc7 Ne5+ 40.
Ke2 Ra8 41. Nec3 b5 42. Rb7 Nd6 43. Re7 Nec4 44. e4 Ra3 45. e5 Nf5 46. Rb7 Nxe5
47. Kd2 Nd4 48. Ke3 Nf5+ 49. Kf4 Nd6 50. Rb8 Ng6+ 51. Kg4 Ne5+ 52. Kf4 Ng6+ 53.
Kg3 Ne4+ 54. Kg2 Nxc3 0-1

[Event "PRO League Group Stage"]
[Site "chess.com INT"]
[Date "2020.01.13"]
[Round "2"]
[White "Theodorou, Nikolas"]
[Black "Berchtenbreiter, Maximilian"]
[Result "1-0"]
[WhiteTitle "IM"]
[BlackTitle "IM"]
[WhiteElo "2555"]
[BlackElo "2488"]
[WhiteTeam "Saint Louis Arch Bishops"]
[BlackTeam "U.K. Lions"]
[WhiteFideId "4262875"]
[BlackFideId "24641120"]
[EventDate "2020.01.06"]

1. d4 Nf6 2. c4 a6 3. Nc3 c5 4. d5 b5 5. e3 b4 6. Nce2 d6 7. Ng3 g6 8. Nf3 Bg7
9. h4 Bg4 10. Be2 Bxf3 11. gxf3 h5 12. f4 Qd7 13. f5 gxf5 14. Nxh5 Nxh5 15. Bxh5
a5 16. Qf3 Bf6 17. Rg1 Qc8 18. e4 fxe4 19. Qxe4 Qh3 20. Bxf7+ Kd8 21. h5 Kc7 22.
Rg3 Qh2 23. Bg5 Bxg5 24. Rxg5 Nd7 25. Ke2 Raf8 26. Rh1 Qxh1 27. Qxh1 Rxf7 28. h6
Rfh7 29. Rg6 Nf6 30. Qd1 Rxh6 31. Rxh6 Rxh6 32. Qa4 Rh2 33. Qxa5+ Kd7 34. Qb5+
Kd8 35. a3 bxa3 36. bxa3 Ne4 37. Qb8+ Kd7 38. Qb7+ Kd8 39. a4 Nxf2 40. a5 Ng4+
41. Kf3 Ne5+ 42. Kg3 Ra2 43. a6 Ra3+ 44. Kh4 Nxc4 45. a7 Ne5 46. a8=Q+ Rxa8 47.
Qxa8+ Kd7 48. Kg5 c4 49. Kf5 Kc7 50. Qa7+ Kd8 51. Ke6 Kc8 52. Kxe7 1-0

[Event "PRO League Group Stage"]
[Site "chess.com INT"]
[Date "2020.01.13"]
[Round "2"]
[White "Saric, Ivan"]
[Black "Flores, Diego"]
[Result "1-0"]
[WhiteTitle "GM"]
[BlackTitle "GM"]
[WhiteElo "2655"]
[BlackElo "2599"]
[WhiteTeam "Canada Chessbrahs"]
[BlackTeam "Argentina Krakens"]
[WhiteFideId "14508150"]
[BlackFideId "108049"]
[EventDate "2020.01.06"]

1. e4 c5 2. Nf3 e6 3. d4 cxd4 4. Nxd4 a6 5. Bd3 Bc5 6. Nb3 Be7 7. Qg4 g6 8. Qe2
d6 9. O-O Nd7 10. Nc3 Qc7 11. f4 Ngf6 12. Bd2 b5 13. Rae1 b4 14. Nd1 d5 15. exd5
Nxd5 16. c4 N5f6 17. f5 gxf5 18. Bxf5 Bb7 19. Bf4 Qb6+ 20. Be3 Qc7 21. Bf4 Qc6
22. Bh3 Rg8 23. Kh1 Qb6 24. Ne3 Ne4 25. c5 Ndxc5 26. Nc4 Qc6 27. Nba5 Qb5 28.
Nxb7 Qxb7 29. Qh5 Nf6 30. Qh4 Nd3 31. Qxf6 Nxe1 32. Rxe1 Qd5 33. Nb6 Qc6 34. Qd4
Bc5 35. Qc4 Kd8 36. Nxa8 Ke7 37. Nc7 Rg6 38. Rc1 Rf6 39. Bg5 1-0

[Event "PRO League Group Stage"]
[Site "chess.com INT"]
[Date "2020.01.13"]
[Round "2"]
[White "Bitelmajer, Martin"]
[Black "Tari, Aryan"]
[Result "0-1"]
[WhiteTitle "IM"]
[BlackTitle "GM"]
[WhiteElo "2475"]
[BlackElo "2635"]
[WhiteTeam "Argentina Krakens"]
[BlackTeam "Canada Chessbrahs"]
[WhiteFideId "111651"]
[BlackFideId "1510045"]
[EventDate "2020.01.06"]

1. d4 Nf6 2. c4 g6 3. g3 Bg7 4. Nf3 d5 5. Bg2 dxc4 6. O-O c6 7. a4 a5 8. Na3 Na6
9. Nxc4 Nb4 10. Bf4 O-O 11. Rc1 Na2 12. Ra1 Nb4 13. Rc1 Bf5 14. Qb3 Be4 15. Rfd1
b5 16. axb5 cxb5 17. Na3 Nfd5 18. Nxb5 Nxf4 19. gxf4 Rb8 20. Qc4 Bd5 21. Qc5 Na6
22. Qa7 Ra8 0-1

[Event "PRO League Group Stage"]
[Site "chess.com INT"]
[Date "2020.01.13"]
[Round "2"]
[White "Dominguez Perez, Leinier"]
[Black "Jones, Gawain C B"]
[Result "1-0"]
[WhiteTitle "GM"]
[BlackTitle "GM"]
[WhiteElo "2758"]
[BlackElo "2679"]
[WhiteTeam "Saint Louis Arch Bishops"]
[BlackTeam "U.K. Lions"]
[WhiteFideId "3503240"]
[BlackFideId "409561"]
[EventDate "2020.01.06"]

1. e4 c5 2. Nf3 g6 3. d4 cxd4 4. Nxd4 Bg7 5. c4 Nf6 6. Nc3 d6 7. Be2 Nc6 8. Be3
O-O 9. O-O Bd7 10. Qd2 Nxd4 11. Bxd4 Bc6 12. f3 a5 13. b3 Nd7 14. Be3 Nc5 15.
Rab1 Qb6 16. Rfc1 Rfc8 17. Rc2 Qd8 18. Bf1 Qf8 19. Kh1 Be5 20. Nd5 Bxd5 21. exd5
Qg7 22. Re1 Rc7 23. g3 f5 24. Bh6 Qf7 25. Bh3 Bg7 26. Bg5 Bf6 27. Be3 Be5 28. f4
Bf6 29. g4 fxg4 30. Bxg4 Qg7 31. Rg1 Kh8 32. f5 g5 33. h4 Qh6 34. Bxg5 Bxg5 35.
Qxg5 Qf6 36. Bf3 Rcc8 37. Rcg2 Rf8 38. Qxf6+ Rxf6 39. Bg4 Rg8 40. Bh3 Rxg2 41.
Kxg2 Kg7 42. Kf3+ Kf7 43. Bg4 Rh6 44. h5 Ke8 45. Ke3 Rf6 46. Bh3 Rh6 47. Bg4 Rf6
48. Rg2 Kf8 49. Rg3 Kg7 50. Be2+ Kf8 51. Kf4 Rf7 52. h6 Rf6 53. Rh3 Nd7 54. Kg5
Ne5 55. Bh5 Kg8 56. Rg3 Kf8 57. a3 Kg8 58. Re3 Kf8 59. c5 Kg8 60. cxd6 exd6 61.
Kxf6 1-0

[Event "PRO League Group Stage"]
[Site "chess.com INT"]
[Date "2020.01.13"]
[Round "2"]
[White "Berchtenbreiter, Maximilian"]
[Black "Le, Quang Liem"]
[Result "0-1"]
[WhiteTitle "IM"]
[BlackTitle "GM"]
[WhiteElo "2488"]
[BlackElo "2713"]
[WhiteTeam "U.K. Lions"]
[BlackTeam "Saint Louis Arch Bishops"]
[WhiteFideId "24641120"]
[BlackFideId "12401137"]
[EventDate "2020.01.06"]

1. e4 c5 2. Nf3 Nc6 3. c3 Nf6 4. e5 Nd5 5. d4 cxd4 6. cxd4 d6 7. Bc4 Nb6 8. Bb5
dxe5 9. Nxe5 Bd7 10. Nxc6 Bxc6 11. Bxc6+ bxc6 12. O-O e6 13. Nc3 Be7 14. Be3 O-O
15. Qf3 Nd5 16. Ne4 Rb8 17. b3 f5 18. Nc5 Bxc5 19. dxc5 e5 20. Bc1 e4 21. Qe2
Qe7 22. Bb2 f4 23. Rfe1 Rbe8 24. Qg4 g6 25. Qd1 Qxc5 26. Rc1 Qb6 27. Qc2 e3 28.
Qc5 Qxc5 29. Rxc5 Nb4 30. Rc3 Rd8 31. Ba3 Nd3 32. Rxd3 Rxd3 33. Bxf8 Kxf8 34.
fxe3 fxe3 35. Kf1 Rc3 36. g3 Ke7 37. Kg2 Rc2+ 38. Kf3 Rxa2 39. Rxe3+ Kd6 40. h4
a5 41. Rd3+ Kc7 42. Re3 Ra3 43. Re7+ Kb6 44. Rxh7 a4 45. Rh8 axb3 46. Rb8+ Kc7
47. Rb4 c5 48. Rb5 Kc6 49. Rb8 c4 50. Ke4 Ra6 51. Kd4 Rb6 52. Rxb6+ Kxb6 53. Kc3
Kc5 54. g4 Kd5 55. Kb2 Ke5 56. Kc3 Kf4 57. h5 gxh5 58. gxh5 Kg5 59. Kb2 Kxh5 0-1

[Event "PRO League Group Stage"]
[Site "chess.com INT"]
[Date "2020.01.13"]
[Round "2"]
[White "Harvey, Marcus R"]
[Black "Theodorou, Nikolas"]
[Result "0-1"]
[WhiteTitle "FM"]
[BlackTitle "IM"]
[WhiteElo "2419"]
[BlackElo "2555"]
[WhiteTeam "U.K. Lions"]
[BlackTeam "Saint Louis Arch Bishops"]
[WhiteFideId "400092"]
[BlackFideId "4262875"]
[EventDate "2020.01.06"]

1. Nf3 Nf6 2. b3 d6 3. d4 c5 4. Bb2 cxd4 5. Nxd4 e5 6. Nf3 Nc6 7. e3 e4 8. Nd4
d5 9. Bb5 Bd7 10. O-O Bd6 11. Nxc6 bxc6 12. Be2 h5 13. h3 Rh6 14. f4 exf3 15.
Bxf3 Bb8 16. e4 dxe4 17. Re1 Qc7 18. Bxe4 Qh2+ 19. Kf1 Nxe4 20. Rxe4+ Be6 21.
Qf3 Bc7 22. Nd2 O-O-O 23. Rd4 Bd5 24. Qf5+ Kb7 25. Ne4 Bb6 26. Rxd5 Rxd5 27.
Qxf7+ Ka6 28. Qf3 Rg6 29. g3 Qxh3+ 30. Ke1 Re6 31. c4 Rxe4+ 32. Qxe4 Qxg3+ 33.
Ke2 Qf2# 0-1

[Event "PRO League Group Stage"]
[Site "chess.com INT"]
[Date "2020.01.13"]
[Round "2"]
[White "Pichot, Alan"]
[Black "Saric, Ivan"]
[Result "0-1"]
[WhiteTitle "GM"]
[BlackTitle "GM"]
[WhiteElo "2606"]
[BlackElo "2655"]
[WhiteTeam "Argentina Krakens"]
[BlackTeam "Canada Chessbrahs"]
[WhiteFideId "110973"]
[BlackFideId "14508150"]
[EventDate "2020.01.06"]

1. e4 c5 2. Nf3 Nc6 3. d4 cxd4 4. Nxd4 Nf6 5. Nc3 e5 6. Ndb5 d6 7. Bg5 a6 8. Na3
b5 9. Nd5 Be7 10. Bxf6 Bxf6 11. c3 Bg5 12. Nc2 Ne7 13. Nxe7 Qxe7 14. a4 bxa4 15.
Rxa4 O-O 16. Nb4 Qb7 17. Qd5 a5 18. Qxb7 Bxb7 19. Nd5 Bxd5 20. exd5 Rfb8 21. Ra2
Bc1 22. Kd1 Rxb2 23. Rxb2 Bxb2 24. Kc2 Ba3 25. Bb5 Bc5 26. Bc6 Ra7 27. Rb1 g6
28. f3 a4 29. Rb8+ Kg7 30. Kb1 a3 31. Ka2 Re7 0-1

[Event "PRO League Group Stage"]
[Site "chess.com INT"]
[Date "2020.01.13"]
[Round "2"]
[White "Tari, Aryan"]
[Black "Perez Ponsa, Federico"]
[Result "1-0"]
[WhiteTitle "GM"]
[BlackTitle "GM"]
[WhiteElo "2635"]
[BlackElo "2559"]
[WhiteTeam "Canada Chessbrahs"]
[BlackTeam "Argentina Krakens"]
[WhiteFideId "1510045"]
[BlackFideId "117927"]
[EventDate "2020.01.06"]

1. Nf3 c5 2. c4 Nf6 3. Nc3 Nc6 4. d4 cxd4 5. Nxd4 e6 6. a3 Bc5 7. Nb3 Be7 8. e4
O-O 9. Be2 b6 10. O-O Bb7 11. Bf4 d6 12. Rc1 Rc8 13. h3 Ne5 14. Nd2 a6 15. Re1
Nfd7 16. b4 g5 17. Bh2 Ng6 18. Nf1 Nde5 19. Ne3 Nf4 20. Bf1 Kh8 21. Ng4 Nxc4 22.
Ne2 Ng6 23. Qd4+ e5 24. Qd3 b5 25. Nc3 Nb6 26. Ne3 Nf4 27. Qd1 Bf6 28. Nf5 d5
29. Bxf4 gxf4 30. exd5 Bxd5 31. Qh5 Bb3 32. Ne4 Rxc1 33. Rxc1 Rg8 34. Rc6 Nd7
35. Bd3 Be6 36. Nfd6 Nf8 37. Nxf7+ Bxf7 38. Qxf7 Bg7 39. Bc2 Ng6 40. Rc7 Qe8 41.
Nd6 Qd8 42. Bb3 e4 43. Rd7 Qb8 44. Qxg8+ Qxg8 45. Bxg8 Kxg8 46. Nxe4 Ne5 47. Ra7
Nc4 48. Rxa6 Bb2 49. a4 1-0

[Event "PRO League Group Stage"]
[Site "chess.com INT"]
[Date "2020.01.13"]
[Round "2"]
[White "Mekhitarian, Krikor Sevag"]
[Black "Guseinov, Gadir"]
[Result "0-1"]
[WhiteTitle "GM"]
[BlackTitle "GM"]
[WhiteElo "2563"]
[BlackElo "2666"]
[WhiteTeam "Brazil Capybaras"]
[BlackTeam "New York Marshalls"]
[WhiteFideId "2107660"]
[BlackFideId "13401378"]
[EventDate "2020.01.06"]

1. Nf3 g6 2. c4 Bg7 3. e4 c5 4. d4 cxd4 5. Nxd4 Nc6 6. Be3 Nf6 7. Nc3 O-O 8. Be2
d6 9. O-O Bd7 10. h3 Nxd4 11. Bxd4 Bc6 12. Qc2 a5 13. Rad1 a4 14. c5 Qa5 15.
cxd6 exd6 16. a3 Rfe8 17. Bf3 Re6 18. Nd5 Bxd5 19. exd5 Ree8 20. Bc3 Qc5 21.
Rfe1 Rxe1+ 22. Rxe1 Nxd5 23. Bxd5 Qxd5 24. Bxg7 Kxg7 25. Qc3+ Kg8 26. Re7 Qc6
27. Qf6 Rf8 28. h4 h5 29. g3 Qd5 30. Qf4 Rc8 31. Kh2 Kg7 32. Re4 Rc1 33. Qxc1
Qxe4 34. Qc3+ Qe5 35. Qb4 b5 36. Kg2 Qd5+ 37. Kg1 Qc5 38. Qf4 Qe5 39. Qb4 Kf6
40. Kg2 Ke6 41. Kg1 Kf5 42. Qd2 Kf6 43. Qb4 Ke7 44. Qd2 Kd7 45. Qb4 Qc5 46. Qf4
Qc4 47. Qf6 Qe6 48. Qd4 Qe1+ 49. Kg2 Qe5 50. Qd2 d5 51. Kf1 d4 52. Qd3 Kd6 53.
Qf3 Qd5 54. Qf6+ Kc5 55. Qe7+ Kc4 56. Qb4+ Kd3 57. Kg1 Kc2 58. Qe7 d3 59. Qc7+
Kxb2 0-1

[Event "PRO League Group Stage"]
[Site "chess.com INT"]
[Date "2020.01.13"]
[Round "2"]
[White "El Debs, Felipe de Cresce"]
[Black "Sevian, Samuel"]
[Result "0-1"]
[WhiteTitle "GM"]
[BlackTitle "GM"]
[WhiteElo "2552"]
[BlackElo "2660"]
[WhiteTeam "Brazil Capybaras"]
[BlackTeam "New York Marshalls"]
[WhiteFideId "2106981"]
[BlackFideId "2040506"]
[EventDate "2020.01.06"]

1. c4 e5 2. Nc3 Nf6 3. Nf3 Nc6 4. g3 Bb4 5. Bg2 O-O 6. O-O d6 7. d3 Re8 8. e4 h6
9. h3 a5 10. Be3 Bc5 11. Kh2 Nh7 12. Nd2 Be6 13. Nb3 Bxe3 14. fxe3 Qg5 15. Nd5
Bxd5 16. cxd5 Ne7 17. Qe2 h5 18. h4 Qh6 19. Bh3 c6 20. dxc6 bxc6 21. Nd2 d5 22.
Nf3 Qd6 23. Nd2 Rab8 24. b3 Qh6 25. Rac1 a4 26. Rc2 axb3 27. axb3 Nf6 28. exd5
Nexd5 29. Rxc6 Qxe3 30. Qxe3 Nxe3 31. Re1 Nfg4+ 32. Bxg4 Nxg4+ 33. Kg2 Red8 34.
Rc3 Ra8 35. Re2 Ra2 36. Kf3 f5 37. b4 e4+ 38. dxe4 Rdxd2 39. Rxd2 Rxd2 40. exf5
Rb2 41. Rc8+ Kf7 42. Rb8 Kf6 43. Kf4 Rf2+ 44. Ke4 Re2+ 45. Kf4 Rc2 46. Rb6+ Kf7
47. Rb7+ Kg8 48. Kg5 Rc3 49. Kxh5 Rxg3 50. Kg5 Nf6+ 51. Kf4 Rc3 52. b5 Rc4+ 53.
Ke5 Rxh4 54. b6 Kf8 55. Rb8+ Ke7 56. Rb7+ Nd7+ 57. Kd5 Rb4 58. Kc6 Rxb6+ 59.
Rxb6 Nxb6 60. Kxb6 Kf6 61. Kc5 Kxf5 62. Kd4 Kf4 0-1

[Event "PRO League Group Stage"]
[Site "chess.com INT"]
[Date "2020.01.13"]
[Round "2"]
[White "Iturrizaga Bonelli, Eduardo"]
[Black "Di Berardino, Diego Rafael"]
[Result "1-0"]
[WhiteTitle "GM"]
[BlackTitle "IM"]
[WhiteElo "2597"]
[BlackElo "2478"]
[WhiteTeam "New York Marshalls"]
[BlackTeam "Brazil Capybaras"]
[WhiteFideId "3901211"]
[BlackFideId "2105446"]
[EventDate "2020.01.06"]

1. c4 c5 2. Nf3 Nf6 3. Nc3 d5 4. cxd5 Nxd5 5. Qb3 Nb6 6. Ne5 Be6 7. Qb5+ N8d7 8.
Nxd7 Qxd7 9. Qxc5 Rc8 10. Qa5 g6 11. Qxa7 Nd5 12. Qd4 Rg8 13. Nxd5 Bg7 14. Nf6+
Bxf6 15. Qxd7+ Kxd7 16. e3 Rc2 17. Bb5+ Kd6 18. d4 Rgc8 19. O-O Bd5 20. Bd3 1-0

[Event "PRO League Group Stage"]
[Site "chess.com INT"]
[Date "2020.01.13"]
[Round "2"]
[White "Azarov, Sergei"]
[Black "Santiago, Yago De Moura"]
[Result "1/2-1/2"]
[WhiteTitle "GM"]
[BlackTitle "GM"]
[WhiteElo "2597"]
[BlackElo "2486"]
[WhiteTeam "New York Marshalls"]
[BlackTeam "Brazil Capybaras"]
[WhiteFideId "13501470"]
[BlackFideId "2103877"]
[EventDate "2020.01.06"]

1. e4 e6 2. d4 d5 3. Nd2 Nc6 4. c3 e5 5. exd5 Qxd5 6. Ngf3 exd4 7. Bc4 Qh5 8.
cxd4 Nf6 9. O-O Be6 10. Bxe6 fxe6 11. Nc4 O-O-O 12. Bf4 Qf5 13. Bg3 Ne4 14. Rc1
Nxg3 15. hxg3 Qd5 16. Qa4 Kb8 17. Ne3 Qa5 18. Qxa5 Nxa5 19. Ng5 Re8 20. Nf7 Rg8
21. Ne5 Bd6 22. N3c4 Nxc4 23. Nxc4 Rd8 24. Rfe1 Rge8 25. Re4 Be7 26. Rxe6 Bf6
27. Rxe8 Rxe8 28. Ne5 Rd8 29. Rc4 c5 30. Rxc5 Rxd4 31. f4 a6 32. b3 Rd2 33. a4
Ka7 34. Kh2 Rb2 35. Rc3 Re2 36. Rc7 Kb8 37. Rf7 Kc8 38. Kh3 Rb2 39. Rf8+ Kc7 40.
Rf7+ Kc8 41. Rf8+ Kc7 42. Rf7+ Kc8 1/2-1/2

[Event "PRO League Group Stage"]
[Site "chess.com INT"]
[Date "2020.01.13"]
[Round "2"]
[White "Naroditsky, Daniel"]
[Black "Robson, Ray"]
[Result "0-1"]
[WhiteTitle "GM"]
[BlackTitle "GM"]
[WhiteElo "2621"]
[BlackElo "2673"]
[WhiteTeam "California Unicorns"]
[BlackTeam "Chicago Wind"]
[WhiteFideId "2026961"]
[BlackFideId "2023970"]
[EventDate "2020.01.06"]

1. Nf3 d5 2. g3 c6 3. Bg2 Bg4 4. O-O e6 5. d3 Bd6 6. c4 Nd7 7. cxd5 exd5 8. Nc3
Ne7 9. Qc2 O-O 10. b3 f5 11. Nd4 Qe8 12. h3 Bh5 13. e3 Qf7 14. Bb2 Rae8 15. f4
Nf6 16. Rae1 h6 17. Kh1 Bg6 18. Nf3 Nd7 19. Nd1 Bh7 20. Nf2 c5 21. Re2 Nc6 22.
Rfe1 Re7 23. a3 Rfe8 24. Kh2 Nb6 25. Nd2 Nd7 26. e4 fxe4 27. dxe4 Nf6 28. Qd1
Nh5 29. e5 Nxf4 30. gxf4 Qxf4+ 31. Kh1 Bxe5 32. Bxe5 Nxe5 33. Bxd5+ Kh8 34. Nc4
Nf3 35. Ng4 Qg3 0-1

[Event "PRO League Group Stage"]
[Site "chess.com INT"]
[Date "2020.01.13"]
[Round "2"]
[White "Shimanov, Aleksandr"]
[Black "Shankland, Sam"]
[Result "1-0"]
[WhiteTitle "GM"]
[BlackTitle "GM"]
[WhiteElo "2587"]
[BlackElo "2683"]
[WhiteTeam "Chicago Wind"]
[BlackTeam "California Unicorns"]
[WhiteFideId "4198603"]
[BlackFideId "2004887"]
[EventDate "2020.01.06"]

1. Nf3 d5 2. b3 Bf5 3. Bb2 e6 4. d3 h6 5. Nbd2 Nf6 6. g3 Be7 7. Bg2 O-O 8. c4 c6
9. O-O a5 10. a3 Nbd7 11. Rc1 Bh7 12. Rc2 Qb8 13. Qa1 Rc8 14. Rfc1 Bd6 15. cxd5
exd5 16. Bh3 Re8 17. Bxd7 Nxd7 18. Bxg7 Rxe2 19. Bxh6 Ne5 20. Qd4 Qa7 21. Rc5
Re8 22. Nxe5 R8xe5 23. Nf3 Bxc5 24. Rxc5 Bxd3 25. Nxe5 Re1+ 26. Kg2 Bf1+ 27. Kf3
Re4 28. Qc3 f6 29. Nd7 Qa6 30. Qd2 Be2+ 31. Kg2 Bf1+ 32. Kf3 Be2+ 33. Kg2 Bf1+
34. Kg1 Bh3 35. Nxf6+ Kf7 36. Rc1 Kxf6 37. Qg5+ Ke6 38. Qh5 Bf5 39. Qe8+ Kf6 40.
Qf8+ Ke6 41. Bg5 Bh3 42. Qe7+ Kf5 43. Qf6+ Kg4 44. f3+ 1-0

[Event "PRO League Group Stage"]
[Site "chess.com INT"]
[Date "2020.01.13"]
[Round "2"]
[White "Bruzon Batista, Lazaro"]
[Black "Sarana, Alexey"]
[Result "1/2-1/2"]
[WhiteTitle "GM"]
[BlackTitle "GM"]
[WhiteElo "2640"]
[BlackElo "2656"]
[WhiteTeam "Chicago Wind"]
[BlackTeam "California Unicorns"]
[WhiteFideId "3503739"]
[BlackFideId "24133795"]
[EventDate "2020.01.06"]

1. Nf3 d5 2. g3 Nf6 3. Bg2 g6 4. c4 c6 5. Qa4 Nbd7 6. cxd5 Nxd5 7. O-O Bg7 8. d3
O-O 9. Nbd2 N7b6 10. Qc2 Be6 11. a3 Qc8 12. Ng5 Bg4 13. Re1 h6 14. Nge4 Bh3 15.
Bh1 Nd7 16. Nf3 N7f6 17. Nxf6+ Nxf6 18. Bd2 Qf5 19. Bc3 Rad8 20. b4 Rfe8 21. Qb2
a6 22. a4 Bg4 23. Rab1 Nh5 24. Bxg7 Nxg7 25. Ne5 Ne6 26. f4 Qh5 27. e3 Nc7 28.
d4 Be6 29. h4 Qf5 30. e4 Qf6 31. Rbc1 Rc8 32. Qf2 Red8 33. g4 Bb3 34. g5 hxg5
35. hxg5 Qd6 36. Rc3 Bxa4 37. Qa2 Qxd4+ 38. Rce3 Ne6 39. Qxa4 Nxf4 40. Nf3 Qb2
41. Kf1 Rd3 42. Qa5 Rxe3 43. Rxe3 Qc1+ 44. Re1 Qc4+ 45. Kg1 b5 46. Qxa6 Rd8 47.
Qb6 Ra8 48. Qe3 Ne6 49. Ne5 Qxb4 50. Nxc6 Qb2 51. Nxe7+ Kf8 52. Nd5 Ra2 53. Qg3
Nxg5 54. Bg2 Qd4+ 55. Kh1 Ne6 56. Rf1 Kg7 57. Nf6 Ra8 58. Nh5+ Kf8 59. Nf6 Kg7
60. Nh5+ Kf8 61. Nf6 Kg7 1/2-1/2

[Event "PRO League Group Stage"]
[Site "chess.com INT"]
[Date "2020.01.13"]
[Round "2"]
[White "Swiercz, Dariusz"]
[Black "Nyzhnyk, Illya"]
[Result "1/2-1/2"]
[WhiteTitle "GM"]
[BlackTitle "GM"]
[WhiteElo "2659"]
[BlackElo "2662"]
[WhiteTeam "California Unicorns"]
[BlackTeam "Chicago Wind"]
[WhiteFideId "1126881"]
[BlackFideId "14118084"]
[EventDate "2020.01.06"]

1. e4 e5 2. Nf3 Nf6 3. Nxe5 d6 4. Nf3 Nxe4 5. d4 d5 6. Bd3 Bd6 7. O-O O-O 8. c4
c6 9. Nc3 Nxc3 10. bxc3 dxc4 11. Bxc4 Bg4 12. h3 Bh5 13. g4 Bg6 14. Ne5 b5 15.
Nxg6 hxg6 16. Bb3 Nd7 17. Qf3 Qf6 18. Kg2 Qxf3+ 19. Kxf3 Rfe8 20. Be3 Nb6 21. a4
a6 22. Rfb1 Kf8 23. a5 Nd5 24. Bd2 Nc7 25. c4 Red8 26. Be3 Be7 27. Rd1 Rd7 28.
Rac1 Bb4 29. d5 cxd5 30. Bb6 bxc4 31. Bxc4 d4 32. Bf1 Ne6 33. Rc6 Be7 34. Bc4
Nd8 35. Rc7 Rxc7 36. Bxc7 Nc6 37. Bd5 Rc8 38. Bb6 Nb4 39. Rxd4 Nxd5 40. Rxd5 Ke8 1/2-1/2